Fundamentos del diseño.
Đã lưu trong:
| Tác giả chính: | |
|---|---|
| Định dạng: | Sách |
| Được phát hành: |
Barcelona, España:
Gustavo Gili,
1995.
|
| Phiên bản: | 1a. edición. |
| Loạt: | GC Diseño.
|
| Những chủ đề: | |
| Truy cập trực tuyến: | Disponible Online |
| Các nhãn: |
Thêm thẻ
Không có thẻ, Là người đầu tiên thẻ bản ghi này!
|
MARC
| LEADER | 00000nam a22000007a 4500 | ||
|---|---|---|---|
| 003 | CL-VaPUC | ||
| 005 | 20250408141507.0 | ||
| 008 | 250306t1995 ||||| |||| 00| 0 spa d | ||
| 999 | |c 447131 |d 447129 | ||
| 020 | |a 978-84-252-1643-5 | ||
| 020 | |a 9788425227417 |q (electronic bk.) | ||
| 020 | |a 8425227410 |q (electronic bk.) | ||
| 020 | |z 8425216435 | ||
| 020 | |z 9788425216435 | ||
| 040 | |c Pontificia Universidad Católica de Valparaíso | ||
| 082 | 0 | 4 | |a 745.2 WON 1995 |2 21 |
| 100 | |a Wong, Wucius |e autor |9 491209 | ||
| 245 | 1 | 0 | |a Fundamentos del diseño. |
| 250 | |a 1a. edición. | ||
| 260 | |a Barcelona, España: |b Gustavo Gili, |c 1995. | ||
| 300 | |a 348 páginas : |b ilustraciones. | ||
| 300 | |a 1 online resource (348 pages) : |b il | ||
| 490 | 0 | |a GG Diseño | |
| 500 | |a c.1.-c.5 Instituto Arcos 8-1-2025. | ||
| 583 | |a last modification |c 20050415 00:00:00 |k Cristina María Rojas Aguilar | ||
| 650 | 0 | |a Diseño |9 260483 | |
| 830 | 0 | |a GC Diseño. |9 898505 | |
| 856 | 4 | 0 | |u https://pucv.idm.oclc.org/login?url=https://search.ebscohost.com/login.aspx?direct=true&scope=site&db=nlebk&db=nlabk&AN=855372 |y Disponible Online |3 EBSCOhost |
| 942 | |c BK |2 ddc |n 0 | ||
| 952 | |0 0 |1 0 |2 ddc |4 0 |6 745_200000000000000_WON_1995 |7 0 |8 A |9 600657 |a BIBINC |b BIBINC |d 2025-03-06 |e Instituto Arcos |i 5665569 |o 745.2 WON 1995 |p 5665569 |r 2025-03-06 |t 1 |w 2025-03-06 |y BK |k IFP | ||
| 952 | |0 0 |1 0 |2 ddc |4 0 |6 745_200000000000000_WON_1995 |7 0 |8 A |9 601278 |a BIBINC |b BIBINC |d 2025-03-14 |e Instituto Arcos |i 5666133 |o 745.2 WON 1995 |p 5666133 |r 2025-03-14 |t 2 |w 2025-03-06 |y BK |k IFP | ||
| 952 | |0 0 |1 0 |2 ddc |4 0 |6 745_200000000000000_WON_1995 |7 0 |8 A |9 601279 |a BIBINC |b BIBINC |d 2025-03-14 |e Instituto Arcos |i 5666134 |l 1 |o 745.2 WON 1995 |p 5666134 |r 2025-03-28 |s 2025-03-21 |t 3 |w 2025-03-06 |y BK |k IFP | ||
| 952 | |0 0 |1 0 |2 ddc |4 0 |6 745_200000000000000_WON_1995 |7 0 |8 A |9 601319 |a BIBINC |b BIBINC |d 2025-03-17 |e Instituto Arcos |i 5666209 |o 745.2 WON 1995 |p 5666209 |r 2025-03-17 |t 4 |w 2025-03-06 |y BK |k IFP | ||
| 952 | |0 0 |1 0 |2 ddc |4 0 |6 745_200000000000000_WON_1995 |7 0 |8 A |9 601320 |a BIBINC |b BIBINC |d 2025-03-17 |e Instituto Arcos |i 5666210 |o 745.2 WON 1995 |p 5666210 |r 2025-03-17 |t 5 |w 2025-03-06 |y BK |k IFP | ||